Digital control of dynamic systems / (Record no. 183974)
[ view plain ]
| 000 -LEADER | |
|---|---|
| fixed length control field | 01173 a2200241 4500 |
| 003 - CONTROL NUMBER IDENTIFIER | |
| control field | Nust |
| 005 - DATE AND TIME OF LATEST TRANSACTION | |
| control field | 20230103123852.0 |
| 010 ## - LIBRARY OF CONGRESS CONTROL NUMBER | |
| LC control number | 89032967 |
| 020 ## - INTERNATIONAL STANDARD BOOK NUMBER | |
| International Standard Book Number | 0201518848 |
| 040 ## - CATALOGING SOURCE | |
| Transcribing agency | Nust |
| 082 00 - DEWEY DECIMAL CLASSIFICATION NUMBER | |
| Classification number | 629.8323,FRA |
| 100 1# - MAIN ENTRY--PERSONAL NAME | |
| Personal name | Franklin, Gene F. |
| 9 (RLIN) | 91744 |
| 245 10 - TITLE STATEMENT | |
| Title | Digital control of dynamic systems / |
| Statement of responsibility, etc. | Gene F. Franklin, J. David Powell, Michael L. Workman. |
| 250 ## - EDITION STATEMENT | |
| Edition statement | 2nd ed. |
| 260 ## - PUBLICATION, DISTRIBUTION, ETC. | |
| Place of publication, distribution, etc. | Reading, Mass. : |
| Name of publisher, distributor, etc. | Addison-Wesley, |
| Date of publication, distribution, etc. | c1990. |
| 300 ## - PHYSICAL DESCRIPTION | |
| Extent | xxi, 837 p. : |
| Other physical details | ill. ; |
| Dimensions | 24 cm. |
| 505 ## - FORMATTED CONTENTS NOTE | |
| Formatted contents note | Introduction (Page-1), Linear, Discrete, Dynamic Systems (Page-13), Sampled-Data Systems (Page-101), Discrete Equivalents (Page-133), Design Digital, Control System using Transforms (Page-158), Design Digital, Control System using State-Space (Page-238), Quantization Effects (Page-322), System Identification (Page-349), Multivariable and Optimal Control (Page-417), Sample Rate Selection (Page-483), Nonlinear Control (Page-516), Application and Practice of Digital Control (Page-641). |
| 650 #0 - SUBJECT ADDED ENTRY--TOPICAL TERM | |
| Topical term or geographic name entry element | Digital control systems. |
| 650 #0 - SUBJECT ADDED ENTRY--TOPICAL TERM | |
| Topical term or geographic name entry element | Dynamics. |
| 700 1# - ADDED ENTRY--PERSONAL NAME | |
| Personal name | Powell, J. David, |
| Dates associated with a name | 1938- |
| 9 (RLIN) | 99440 |
| 700 1# - ADDED ENTRY--PERSONAL NAME | |
| Personal name | Workman, Michael L. |
| 9 (RLIN) | 106323 |
| 942 ## - ADDED ENTRY ELEMENTS (KOHA) | |
| Source of classification or shelving scheme | |
| Koha item type | Book |
| Withdrawn status | Lost status | Source of classification or shelving scheme | Damaged status | Not for loan | Permanent Location | Current Location | Shelving location | Date acquired | Full call number | Barcode | Date last seen | Price effective from | Koha item type | Public note |
|---|---|---|---|---|---|---|---|---|---|---|---|---|---|---|
| Military College of Signals (MCS) | Military College of Signals (MCS) | General Stacks | 12/12/2016 | 629.8323,FRA | MCS20787 | 12/08/2016 | 12/12/2016 | Book | Almirah No.42, Shelf No.1 |
